La radio y otros boleros / (Registro nro. 7698)

Detalles MARC
000 -LEADER
fixed length control field 00862nam a2200289 u 4500
001 - CONTROL NUMBER
control field 000020468
003 - CONTROL NUMBER IDENTIFIER
control field DO-SdBNP
005 - DATE AND TIME OF LATEST TRANSACTION
control field 20171002085910.0
007 - PHYSICAL DESCRIPTION FIXED FIELD--GENERAL INFORMATION
fixed length control field 000020468
008 - FIXED-LENGTH DATA ELEMENTS--GENERAL INFORMATION
fixed length control field 100809s1996 dr j r 000 0 spa d
040 ## - CATALOGING SOURCE
Original cataloging agency BPMSU
Language of cataloging spa
Transcribing agency BPMSU
082 #4 - DEWEY DECIMAL CLASSIFICATION NUMBER
Classification number RD863.44
Item number R696L
100 1# - MAIN ENTRY--PERSONAL NAME
Personal name Rodríguez Soriano, René,
Dates associated with a name 1950-
245 10 - TITLE STATEMENT
Title La radio y otros boleros /
Statement of responsibility, etc. René Rodríguez Soriano.
260 ## - PUBLICATION, DISTRIBUTION, ETC. (IMPRINT)
Place of publication, distribution, etc. Santo Domingo :
Name of publisher, distributor, etc. Biblioteca Nacional,
Date of publication, distribution, etc. 1996.
300 ## - PHYSICAL DESCRIPTION
Extent 116 p. ;
Dimensions 22 cm.
490 1# - SERIES STATEMENT
Series statement Orfeo
490 1# - SERIES STATEMENT
Series statement Cuento
Volume/sequential designation 1
500 ## - GENERAL NOTE
General note Incluye datos biográficos del autor en la solapa de la cubierta
500 ## - GENERAL NOTE
General note 2da. etapa
650 #4 - SUBJECT ADDED ENTRY--TOPICAL TERM
Topical term or geographic name as entry element CUENTOS DOMINICANOS
650 #4 - SUBJECT ADDED ENTRY--TOPICAL TERM
Topical term or geographic name as entry element LITERATURA DOMINICANA
830 #0 - SERIES ADDED ENTRY--UNIFORM TITLE
Uniform title Orfeo
Name of part/section of a work ; Cuento
Volume number/sequential designation 1
942 ## - ADDED ENTRY ELEMENTS (KOHA)
Source of classification or shelving scheme Dewey Decimal Classification
Koha item type Libros
945 ## - LOCAL PROCESSING INFORMATION (OCLC)
a Inventariado / 2017 VM
956 ## - LOCAL ELECTRONIC LOCATION AND ACCESS (OCLC)
Host name VMATEO
Access number 10
Compression information 20150424
Logon BPMSU
Processor of request 00151
Existencias
Withdrawn status Lost status Source of classification or shelving scheme Damaged status Not for loan Collection code Home library Current library Date acquired Source of acquisition Total Checkouts Full call number Barcode Date last seen Price effective from Koha item type Copy number
    Dewey Decimal Classification     Colección Dominicana Biblioteca Pública Metropolitana Salomé Ureña Biblioteca Pública Metropolitana Salomé Ureña 04/24/2015 FUNDI   RD863.44 R696L BPMSU15040031 04/24/2015 04/24/2015 Libros  
    Dewey Decimal Classification     Colección Dominicana Biblioteca Pública Metropolitana Salomé Ureña Biblioteca Pública Metropolitana Salomé Ureña 04/24/2015 FUNDI   RD863.44 R696L BPMSU15040032 04/24/2015 04/24/2015 Libros e. 2
    Dewey Decimal Classification     Colección Dominicana Biblioteca Pública Metropolitana Salomé Ureña Biblioteca Pública Metropolitana Salomé Ureña 04/24/2015     RD863.44 R696L BPMSU15040033 04/24/2015 04/24/2015 Libros e. 3